000
00291nam a2200121Ia 4500
008
190216s9999||||xx |||||||||||||| ||und||
100
_a
Norman H Crowhurst
245
0
_a
Taperecording
260
_b
Db.Taraporevala Sons &co
_c
1971
300
_a
112p
650
_a
Physics
942
_c
BK
999
_c
33056
_d
33056